| 000 | 02960cam a2200421 a 4500 | ||
|---|---|---|---|
| 999 |
_c5893 _d5893 |
||
| 001 | ocm46694779 | ||
| 003 | OCoLC | ||
| 005 | 20200901224748.0 | ||
| 008 | 010726s2001 enk b 001 0 eng | ||
| 010 | _a 2001036907 | ||
| 015 |
_aGBA1Y2817 _2bnb |
||
| 020 | _a0198299982 | ||
| 020 | _a9780198299981 | ||
| 035 |
_a(OCoLC)46694779 _z(OCoLC)47746413 |
||
| 040 |
_aDLC _beng _cTZ-ArACH |
||
| 049 | _aTZAA | ||
| 050 | 0 | 0 |
_aKZ3395 _b.C25 2001 |
| 100 | 1 | _aCassese, Antonio. | |
| 245 | 1 | 0 |
_aInternational law / _cAntonio Cassese. |
| 260 |
_aOxford ; _aNew York : _bOxford University Press, _c2001. |
||
| 300 |
_axvii, 469 pages ; _c25 cm |
||
| 504 | _aIncludes bibliographical references (pages 419-454) and index. | ||
| 505 | 0 | _apt. I. Origins and foundations of the international community. The main legal features of the international community ; The historical evolution of the international community ; States as the primary subjects of international law ; Other international legal subjects ; The fundamental principles governing international relations -- pt. II. Creation and enforcement of international legal standards. International lawmaking: custom and treaties ; International lawmaking: other law-creating processes ; Implementation of international rules within national systems ; State responsibility ; Mechanisms for promoting compliance with international rules and pursuing the prevention or settlement of disputes ; Enforcement in the case of violations by states ; Enforcement in the case of violations by individuals -- pt. III. Contemporary issues in international law. The role of the United Nations ; Collective security and the prohibition of force ; Legal restraints on violence in armed conflict ; Protection of human rights ; Protection of the environment ; Legal attempts at narrowing the gap between North and South. | |
| 520 | _aThis title covers major topics, providing a background to the history of international law whilst exploring developments in the field. Written specially for the student, this text covers all subjects found on an introductory course. | ||
| 650 | 0 | _aInternational law. | |
| 650 | 6 | _aDroit international. | |
| 650 | 7 |
_aInternational law. _2fast |
|
| 650 | 7 |
_aV�olkerrecht _2gnd |
|
| 650 | 1 | 7 |
_aVolkenrecht. _2gtt |
| 650 | 7 |
_aDroit international. _2ram |
|
| 776 | 0 | 8 |
_iOnline version: _aCassese, Antonio. _tInternational law. _dOxford ; New York : Oxford University Press, 2001 _w(OCoLC)606609714 |
| 856 | 4 | 1 |
_3Table of contents _uhttp://catdir.loc.gov/catdir/enhancements/fy0635/2001036907-t.html |
| 856 | 4 | 1 | _uhttp://www.oup.com/uk/best.textbooks/law/cassese |
| 856 | 4 | 2 |
_3Contributor biographical information _uhttp://catdir.loc.gov/catdir/enhancements/fy0723/2001036907-b.html |
| 856 | 4 | 2 |
_3Publisher description _uhttp://catdir.loc.gov/catdir/enhancements/fy0635/2001036907-d.html |
| 856 | 4 | 1 |
_uhttp://ukcatalogue.oup.com/product/9780199259397.do _zFull text |
| 942 |
_2lcc _cBOOK |
||